Mots de la langue française terminés par "chon" - Statistiques

Statistiques générales
  • Ce quiz a été pris 317 fois
  • Le résultat moyen est 11 sur 23
Statistiques - réponses
Indice Mot % Correct
porc cochon
97%
sein (populaire) nichon
90%
chanteur prénommé Alain Souchon
89%
à cheval : à .... califourchon
77%
texte sans soin torchon
73%
chien bichon
68%
traversin polochon
66%
fromage reblochon
62%
paquet de vêtements balluchon
60%
condiment cornichon
58%
33120 Arcachon
49%
blême pâlichon
49%
fluet maigrichon
48%
mener une vie de débauche, de ... patachon
46%
obstacle bouchon
31%
pichet cruchon
25%
fourreau manchon
24%
prénom féminin Fanchon
22%
coiffe capuchon
19%
pierre précieuse cabochon
18%
drôle (familier) folichon
16%
3110 Luchon
10%
sabre fauchon
5%
Aucun quiz correspondant
Distribution des résultats
% des personnes avec chaque résultat
Percentile par nombre de réponses
Votre historique - résultats
Vous n’avez pas pris ce quiz